000 01417nam0a22003011 4500
001 rc\3286688
005 20130115145109.4
021 _aRU
_b[72-30197]
035 _a(NLR Aleph) 007494632
090 _a7644161
_c7644161
100 _a20130115d1972 |||y0rusy50 ca
101 0 _arus
102 _aRU
105 _aa z |||||
200 1 _aУскоренное проведение инвентаризаций в торговых предприятиях
_e(Из опыта потребкооперации Сарат. обл.)
_fСарат. обл. правл. НТО сел. хоз-ва. Сарат. облпотребсоюз
210 _aСаратов
_cПриволж. кн. изд-во
_d1972
215 _a22 с.
_cил.
_d17
300 _aНа обороте тит. л. авт.: П.И. Родин, бухгалтер, Т.С. Ялынычева, М.Ф. Конькова, бухгалтер и др.
606 _aМагазины потребительской кооперации
_xИнвентаризация
_2psbo
701 1 _aЯлынычева
_bТ. С.
701 1 _aКонькова
_bМ. Ф.
701 1 _aРодин
_bП. И.
712 0 2 _aНТО сельского хозяйства
_cМосква
_bСаратовское обл. правление
_3RU\NLR\AUTH\889920277
801 0 _aRU
_bNLR
_gpsbo
801 1 _aRU
_bELAR
_2rusmarc
852 _aNLR
_j72-2/290
942 _cBOOK
980 _aNB